Manufacturing Engineering Technology (Record no. 3434)

MARC details
005 - DATE AND TIME OF LATEST TRANSACTION
control field 20250621082703.0
020 ## - INTERNATIONAL STANDARD BOOK NUMBER
International Standard Book Number 0-13-148965-8
082 ## - DEWEY DECIMAL CLASSIFICATION NUMBER
Classification number LM 629.134 KAL
100 ## - MAIN ENTRY--PERSONAL NAME
Author name KALPAKJIAN, S.
245 ## - TITLE STATEMENT
Title Manufacturing Engineering Technology
260 ## - PUBLICATION, DISTRIBUTION, ETC.
Place of publication, distribution, etc. Chicago
Name of publisher, distributor, etc. Pearson & Prentice Hall
Date of publication, distribution, etc. 2006
300 ## - PHYSICAL DESCRIPTION
Extent xxiv,1295p.: ill.; figures & tables,
Other physical details Bibliography & Index
Dimensions 26cm.
700 ## - ADDED ENTRY--PERSONAL NAME
Other authors/Editors SCHMID, S. R.
856 ## - ELECTRONIC LOCATION AND ACCESS
Link text Access Online Book
Electronic name Manufacturing Engineering Technology
Path www.prenhall.com
942 ## - ADDED ENTRY ELEMENTS (KOHA)
Source of classification or shelving scheme Dewey Decimal Classification
Koha item type Books
Holdings
Date last seen Total checkouts Full call number Barcode Cost, replacement price Price effective from Koha item type Lost status Source of classification or shelving scheme Damaged status Not for loan Withdrawn status Home library Current library Shelving location Date acquired Cost, normal purchase price
06/07/2025   LM 629.134 KAL 00000010801 88500.00 06/07/2025 Books   Dewey Decimal Classification       College of Business Education Main Library College of Business Education Main Library General Collection 10/26/2009 29500.00
06/07/2025   LM 629.134 KAL 00000010802 88500.00 06/07/2025 Books   Dewey Decimal Classification       College of Business Education Main Library College of Business Education Main Library General Collection 10/26/2009 29500.00
06/07/2025   LM 629.134 KAL 00000010803 88500.00 06/07/2025 Books   Dewey Decimal Classification       College of Business Education Main Library College of Business Education Main Library General Collection 10/26/2009 29500.00
06/07/2025   LM 629.134 KAL 00000010804 88500.00 06/07/2025 Books   Dewey Decimal Classification       College of Business Education Main Library College of Business Education Main Library General Collection 10/26/2009 29500.00
06/07/2025   LM 629.134 KAL 00000010805 88500.00 06/07/2025 Books   Dewey Decimal Classification       College of Business Education Main Library College of Business Education Main Library General Collection 10/26/2009 29500.00